00889nam a2200253Ia 450000500170000000800400001702000150005704100080007210000210008024500790010125000280018026400490020830000320025733600270028933700330031633800280034949000680037765000390044565000300048465000390051470000360055304000350058908400110062420220316235238.0121119s2003 mx a gr 000 j spa  a96816468000 aspa1 aPosadas, Carmen,10aLiliana bruja urbanacCarmen Posadas ; ilustraciones de Enrique Martínez aSéptima reimpresión 1aMéxicobFondo de Cultura Económicac2003 a47 páginasbilustraciones atextobtxt2rdacontent asin mediaciónbn2rdamedia avolumenbnc2rdacarrier0 aA la orilla del viento. Para los que están aprendiendo a leer142LEMBaCuentos infantiles uruguayos142LEMBaBrujeríavCuentos142LEMBaLiteratura infantil uruguaya1 aMartínez, Enriqueeilustrador aCO-BoRNBPbspaerdacCO-BoRNBP aC POS1